Iberoamérica 2020 (Record no. 184528)

MARC details
000 -LEADER
campo de control de longitud fija 00987nam a2200277 i 4500
001 - NÚMERO DE CONTROL
campo de control 184528
003 - IDENTIFICADOR DE NÚMERO DE CONTROL
campo de control ES-MaACL
005 - FECHA Y HORA DE LA ÚLTIMA TRANSACCIÓN
campo de control 20250809231730.0
008 - DATOS DE LONGITUD FIJA--INFORMACIÓN GENERAL
campo de control de longitud fija 151016s2009 sp d |||| | spa d
020 ## - NÚMERO INTERNACIONAL ESTÁNDAR DEL LIBRO
Número Internacional Estándar del Libro 978-84-323-1382-0
080 ## - NÚMERO DE LA CLASIFICACIÓN DECIMAL UNIVERSAL
Número de la Clasificación Decimal Universal 338.1(8=134)
080 ## - NÚMERO DE LA CLASIFICACIÓN DECIMAL UNIVERSAL
Número de la Clasificación Decimal Universal 308(8=134)
245 00 - MENCIÓN DEL TÍTULO
Título Iberoamérica 2020
Resto del título : retos ante la crisis /
Mención de responsabilidad, etc. Felipe González (ed.) ; [Héctor Aguilar Camín ... et al.].
250 ## - MENCION DE EDICION
Mención de edición 1ª ed.
260 ## - PUBLICACIÓN, DISTRIBUCIÓN, ETC.
Lugar de publicación, distribución, etc. Madrid :
Nombre del editor, distribuidor, etc. Fundación Carolina :
-- Siglo XXI,
Fecha de publicación, distribución, etc. 2009.
300 ## - DESCRIPCIÓN FÍSICA
Extensión XXVI, 407 p. :
Otras características físicas gráf. ;
Dimensiones 24 cm.
504 ## - NOTA DE BIBLIOGRAFÍA, ETC.
Nota de bibliografía, etc. Referencias bibliográficas.
546 ## - NOTA DE IDIOMA
Nota de lengua/lenguaje Textos en español y portugués.
651 #4 - PUNTO DE ACCESO ADICIONAL DE MATERIA--NOMBRE GEOGRÁFICO
Nombre geográfico América Latina-
Subdivisión general Situación económica
9 (RLIN) 7765
651 #4 - PUNTO DE ACCESO ADICIONAL DE MATERIA--NOMBRE GEOGRÁFICO
Nombre geográfico América Latina-
Subdivisión general Situación social
9 (RLIN) 7766
700 1# - ENTRADA AGREGADA--NOMBRE PERSONAL
Nombre de persona González Márquez, Felipe,
Fechas asociadas al nombre 1942-
9 (RLIN) 58780
700 1# - ENTRADA AGREGADA--NOMBRE PERSONAL
Nombre de persona Aguilar Camín, Héctor,
Fechas asociadas al nombre 1946-
9 (RLIN) 157912
710 2# - ENTRADA AGREGADA--NOMBRE DE ENTIDAD CORPORATIVA
Nombre de entidad corporativa o nombre de jurisdicción como elemento de entrada Fundación Carolina
9 (RLIN) 147407
852 ## - LOCALIZACIÓN
Ubicación ES-MaACL
Número de control de estantería N-6580
Holdings
Estatus retirado Estado de pérdida Estado de daño No para préstamo Biblioteca de origen Biblioteca actual Ubicación en estantería Fecha de adquisición Fuente de adquisición Total de préstamos Signatura topográfica completa Código de barras Visto por última vez Precio de reemplazo Tipo de ítem Koha
        Biblioteca del Ateneo de Madrid Biblioteca del Ateneo de Madrid Sala Pecera Depósito 2 16/10/2015     N-6580 1194260 23/02/2023 23/02/2023 Libro impreso